Villes de France finissant par "ville" - Statistiques

Statistiques générales
  • Ce quiz a été pris 103 fois
  • Le résultat moyen est 4 sur 10
Statistiques - réponses
Population Département Ville % Correct
20 000 73 Albertville
58%
42 000 57 Thionville
58%
22 500 80 Abbeville
49%
18 000 54 Lunéville
46%
51 000 78 Sartrouville
46%
45 000 94 Alfortville
36%
37 500 95 Franconville
29%
33 000 93 Romainville
26%
30 500 95 Goussainville
24%
20 000 92 Chaville
21%
Aucun quiz correspondant
Distribution des résultats
% des personnes avec chaque résultat
Percentile par nombre de réponses
Votre historique - résultats
Vous n’avez pas pris ce quiz